Use of social media network sites on service delivery in hotels in Nakuru town / (Record no. 1755)
[ view plain ]
| 000 -LEADER | |
|---|---|
| fixed length control field | 00786nam a22002292 4500 |
| 001 - CONTROL NUMBER | |
| control field | 0000025324 |
| 005 - DATE AND TIME OF LATEST TRANSACTION | |
| control field | 20151021153130.0 |
| 008 - FIXED-LENGTH DATA ELEMENTS--GENERAL INFORMATION | |
| fixed length control field | 150619s xx 000 0 eng d |
| 040 ## - CATALOGING SOURCE | |
| Original cataloging agency | KABU |
| Transcribing agency | KABU |
| 100 1# - MAIN ENTRY--PERSONAL NAME | |
| Personal name | Yator, Faith J. |
| -- | 0000185928 |
| 245 10 - TITLE STATEMENT | |
| Title | Use of social media network sites on service delivery in hotels in Nakuru town / |
| Statement of responsibility, etc. | by Faith J. Yator. |
| 260 ## - PUBLICATION, DISTRIBUTION, ETC. (IMPRINT) | |
| Place of publication, distribution, etc. | Nakuru : |
| Name of publisher, distributor, etc. | Kabarak University, |
| Date of publication, distribution, etc. | 2014. |
| 300 ## - PHYSICAL DESCRIPTION | |
| Extent | ix, 52 p. |
| 650 #0 - SUBJECT ADDED ENTRY--TOPICAL TERM | |
| Topical term or geographic name as entry element | Internet marketing. |
| -- | 0000151441 |
| 650 #0 - SUBJECT ADDED ENTRY--TOPICAL TERM | |
| Topical term or geographic name as entry element | Online social networks. |
| -- | 0000182584 |
| 650 #0 - SUBJECT ADDED ENTRY--TOPICAL TERM | |
| Topical term or geographic name as entry element | Hotel industry. |
| -- | 0000185929 |
| 700 1# - ADDED ENTRY--PERSONAL NAME | |
| Personal name | Katwalo, Allan. |
| -- | 0000185930 |
| 700 1# - ADDED ENTRY--PERSONAL NAME | |
| Personal name | Muhanji, Stella. |
| -- | 0000185889 |
| 908 ## - PUT COMMAND PARAMETER (RLIN) | |
| Put command parameter | 150619 |
| 950 ## - LOCAL HOLDINGS (RLIN) | |
| -- | 1 |
| Withdrawn status | Lost status | Source of classification or shelving scheme | Not for loan | Home library | Current library | Date acquired | Total Checkouts | Full call number | Barcode | Date last seen | Date last checked out | Price effective from | Koha item type |
|---|---|---|---|---|---|---|---|---|---|---|---|---|---|
| Library of Congress Classification | Kabarak, Nakuru City Campus | Kabarak, Nakuru City Campus | 21/10/2015 | 1 | HF5415.55 .Y38 2014 c. 1 | 018148 | 03/07/2017 | 03/07/2017 | 21/10/2015 | Thesis, Dissertation and Projecs |